[Event "Klatovy op-B"]
[Site "Klatovy"]
[Date "1997.??.??"]
[Round "?"]
[White "Jina, L."]
[Black "Novak, Michal"]
[Result "1-0"]
[WhiteElo "1890"]
[BlackElo "1720"]

1.d4 Nf6 2.c4 d6 3.Nc3 g6 4.e4 Bg7 5.Nf3 O-O 6.Be2 e5 7.Be3 Nc6 8.d5 Ne7
9.O-O Nd7 10.Qc2 f5 11.Rfe1 f4 12.Bd2 h6 13.Kh1 g5 14.Ng1 Nf6 15.b4 g4 16.f3 Ng6
17.c5 Nh5 18.fxg4 Nf6 19.Qd1 Kh8 20.Rc1 Rg8 21.Rf1 Bf8 22.c6 b6 23.Be1 Be7
24.h3 Nh7 25.g3 Bg5 26.Rc2 fxg3 27.Bxg3 Bf4 28.Qe1 Bxg3 29.Qxg3 Nf4 30.Nf3 h5
31.Nh4 hxg4 32.Bxg4 Bxg4 33.hxg4 Nf6 34.Rh2 Kg7 35.Nf5+ Kf8 36.Rxf4 exf4
37.Qxf4 Rxg4 38.Rh8+ Rg8 39.Qh6+ Kf7 40.Rh7+ Ke8 41.Ng7+ Ke7 42.Ne6+ Nxh7
43.Qxh7+ Kf6 44.Qf5+ Ke7 45.Nxd8 Raxd8 46.Qe6+ Kf8 47.Qf6+ Ke8 48.Ne2 a5
49.Nf4  1-0

[Event "Koblenz-ch"]
[Site "Koblenz"]
[Date "1997.??.??"]
[Round "7"]
[White "Bosma, Achim"]
[Black "Hardt, Bernd"]
[Result "1-0"]
[WhiteElo "1880"]
[BlackElo "1930"]

1.Nf3 Nf6 2.c4 g6 3.Nc3 Bg7 4.e4 d6 5.d4 O-O 6.Be2 e5 7.dxe5 dxe5 8.Qxd8 Rxd8
9.Bg5 Nbd7 10.O-O-O Rf8 11.Nd2 c6 12.f3 a5 13.Na4 h6 14.Be3 Ne8 15.c5 Nc7
16.Nc4 Ne6 17.Nab6 Nxb6 18.Nxb6 Rb8 19.Bc4 Nd4 20.Rxd4 exd4 21.Bf4 Be6 22.Bxb8 Rxb8
23.Rd1 Rd8 24.Bxe6 fxe6 25.Nc4 a4 26.e5 Rd5 27.Kd2 Rxc5 28.Kd3 Bxe5 29.Re1 Bc7
30.Rxe6 Kf7 31.Re4 b5 32.Nd2 Be5 33.f4 Bf6 34.Nf3 Rd5 35.b3 c5 36.Re1 a3
37.Rc1 Ke6 38.Re1+ Kf5 39.g3 Kg4 40.Ne5+ Bxe5 41.fxe5 Kf5 42.e6 Rd8 43.e7 Re8
44.b4 c4+ 45.Kxd4 Kf6 46.Re5 Rxe7 47.Rxb5 Re2 48.Rb6+ Kg5 49.h4+ Kf5 50.Kxc4 Rxa2
51.Kb3 Rg2 52.g4+ Rxg4 53.Rb5+ Kf6 54.h5 g5 55.Rb6+ Kg7 56.Rg6+ Kh7 57.b5 Rg3+
58.Ka2 g4 59.b6 Rh3 60.b7 Rxh5 61.Rb6 g3 62.b8=Q  1-0

[Event "Koge op"]
[Site "Koge"]
[Date "1997.??.??"]
[Round "1"]
[White "Aleksandrov, Aleksej"]
[Black "Christensen, Bo Garner"]
[Result "1-0"]
[WhiteElo "2660"]
[BlackElo "2225"]

1.d4 Nf6 2.c4 g6 3.Nc3 Bg7 4.e4 d6 5.Be2 O-O 6.Nf3 e5 7.d5 a5 8.Nd2 Na6 9.h4 h5
10.Nf3 Nc5 11.Ng5 c6 12.Be3 cxd5 13.cxd5 Bd7 14.b3 Rc8 15.Rc1 b5 16.f3 b4
17.Nb1 Qb6 18.O-O Nh7 19.Nd2 Nxg5 20.hxg5 f5 21.exf5 Bxf5 22.g4 hxg4 23.fxg4 Bd7
24.Ne4 Rf4 25.Nf6+ Bxf6 26.gxf6 Kf7 27.Rxf4 exf4 28.Bd4 Nd3 29.Bxb6 Rxc1
30.g5 a4 31.bxa4 Bxa4 32.Qxc1 Nxc1 33.Bg4 Be8 34.Be6+ Kf8 35.Bc7 Bf7 36.Bxd6+ Ke8
37.Bxb4  1-0

[Event "Koge op"]
[Site "Koge"]
[Date "1997.??.??"]
[Round "2"]
[White "Sadler, Matthew"]
[Black "Hillarp Persson, Tiger"]
[Result "1-0"]
[WhiteElo "2665"]
[BlackElo "2445"]

1.d4 g6 2.c4 Bg7 3.e4 d6 4.Nc3 Nf6 5.Nf3 O-O 6.Be2 e5 7.Be3 Ng4 8.Bg5 f6
9.Bh4 Nc6 10.d5 Ne7 11.Nd2 Nh6 12.f3 Kh8 13.a3 c6 14.dxc6 bxc6 15.b4 g5 16.Bf2 f5
17.O-O Ng6 18.g3 Be6 19.Nb3 Qd7 20.Ra2 g4 21.exf5 Bxf5 22.Rd2 gxf3 23.Bxf3 Bh3
24.Bg2 Bxg2 25.Kxg2 Rad8 26.Ne4 d5 27.Nbc5 Qf5 28.cxd5 cxd5 29.Rxd5 Rxd5
30.Qxd5 Qf3+ 31.Kg1 Ng4 32.Qd3 Bh6 33.Qxf3 Rxf3 34.a4 Ne7 35.Kg2 Ra3 36.Kh3 Nxf2+
37.Rxf2 Nd5 38.Rf7 Be3 39.Rxa7 h5 40.Rd7  1-0

[Event "Koge op"]
[Site "Koge"]
[Date "1997.??.??"]
[Round "3"]
[White "Hillarp Persson, Tiger"]
[Black "Bekker Jensen, David"]
[Result "1-0"]
[WhiteElo "2445"]
[BlackElo "2140"]

1.d4 Nf6 2.c4 g6 3.Nc3 Bg7 4.e4 d6 5.Be2 O-O 6.Nf3 e5 7.O-O Na6 8.Bg5 h6
9.Bh4 Qe8 10.Bxf6 Bxf6 11.c5 Nb4 12.dxe5 Bxe5 13.Nxe5 dxe5 14.Nd5 Nxd5 15.exd5 Bd7
16.Qb3 Rb8 17.Rac1 Kh7 18.Rfe1 Qe7 19.Qa3 a6 20.Bf1 Rfe8 21.Bc4 Qg5 22.b4 e4
23.Qg3 Qxg3 24.hxg3 Kg7 25.Re3 f5 26.Rd1 Rbd8 27.Bb3 Bb5 28.Rd4 Kf6 29.a4 Bd3
30.d6 cxd6 31.cxd6 b5 32.d7 Rf8 33.a5 Bc4 34.Bxc4 bxc4 35.f3 Ke5 36.Rxc4 Kd5
37.Rc5+ Kd6 38.fxe4 fxe4 39.Rxe4 Kxd7 40.Rd4+ Ke7 41.Rc7+ Ke6 42.Rc6+ Ke7
43.Rxd8 Rxd8 44.Rxa6 Rb8 45.Rb6  1-0

[Event "Koge op"]
[Site "Koge"]
[Date "1997.??.??"]
[Round "4"]
[White "El Kher, Henrik"]
[Black "Petersen, S."]
[Result "1/2-1/2"]
[WhiteElo "2305"]
[BlackElo "2140"]

1.d4 Nf6 2.c4 g6 3.Nc3 Bg7 4.e4 d6 5.Be2 O-O 6.Nf3 e5 7.d5 a5 8.Bg5 h6 9.Bh4 Na6
10.Nd2 Qe8 11.O-O Nh7 12.a3 Bd7 13.b3 h5 14.f3 Bh6 15.Kh1 Be3 16.Qc2 f5 17.exf5 gxf5
18.Rab1 Bc5 19.Qc1 Qg6 20.Bf2 Bxf2 21.Rxf2 h4 22.Bd3 Nf6 23.b4  1/2-1/2

[Event "Koge op"]
[Site "Koge"]
[Date "1997.??.??"]
[Round "5"]
[White "Bang, Andreas"]
[Black "Drazic, Sinisa"]
[Result "0-1"]
[WhiteElo "2280"]
[BlackElo "2445"]

1.Nf3 Nf6 2.d4 g6 3.c4 d6 4.Nc3 Bg7 5.e4 O-O 6.Be2 e5 7.Be3 Ng4 8.Bg5 f6
9.Bh4 Nc6 10.d5 Ne7 11.Nd2 Nh6 12.f3 c5 13.dxc6 bxc6 14.b4 Kh8 15.Bf2 f5
16.O-O g5 17.Nb3 fxe4 18.fxe4 Be6 19.Qd2 Ng6 20.g3 Ng4 21.Bxg4 Bxg4 22.Be3 Nf4
23.Kh1 Ne6 24.Kg2 Qd7 25.Rxf8+ Rxf8 26.Kg1 Qf7 27.Re1 Bh3 28.Qe2 Nf4 29.gxf4 gxf4
30.Bd2 Qg6+ 31.Kh1 f3 32.Qf2 Qg2+ 33.Qxg2 fxg2+ 34.Kg1 Rf1+ 35.Rxf1 gxf1=R+  0-1

[Event "Koge op"]
[Site "Koge"]
[Date "1997.??.??"]
[Round "8"]
[White "El Kher, Henrik"]
[Black "Molvig, Henrik"]
[Result "1-0"]
[WhiteElo "2305"]
[BlackElo "2230"]

1.d4 Nf6 2.c4 g6 3.Nc3 Bg7 4.e4 d6 5.Nf3 O-O 6.Be2 e5 7.Be3 exd4 8.Nxd4 Re8
9.Qc2 Nc6 10.Rd1 Qe7 11.f3 Nxd4 12.Bxd4 c6 13.O-O Be6 14.f4 Ng4 15.Qd2 Bh6
16.h3 Ne5 17.b3 f5 18.c5 Rad8 19.cxd6 Qxd6 20.Qb2 Nd7 21.Bb6 Nxb6 22.Rxd6 Rxd6
23.Qa3 Nc8 24.Qb4 b5 25.e5 Rd2 26.Bf3 Bf8 27.Qa5 Bc5+ 28.Kh1 Bb6 29.Qa3 Ne7
30.Rd1 Rc2 31.Rd6 Kf7 32.b4 Bc7 33.Rxe6 Kxe6 34.Qb3+ Nd5 35.Bxd5+ cxd5 36.Qxc2 Bb6
37.Nxb5 Rd8 38.Qc6+  1-0

[Event "RUS-ch (Women) sf"]
[Site "Kolontaevo"]
[Date "1997.??.??"]
[Round "?"]
[White "Timofeeva, Lidia"]
[Black "Lundina, Aelita"]
[Result "1-0"]
[WhiteElo "2135"]
[BlackElo "2285"]

1.d4 Nf6 2.c4 g6 3.Nc3 Bg7 4.e4 d6 5.Be2 O-O 6.Nf3 Nbd7 7.O-O e5 8.Bg5 c6
9.dxe5 dxe5 10.b4 h6 11.Bh4 g5 12.Bg3 Nxe4 13.Nxe4 f5 14.Nd6 f4 15.c5 Qe7
16.Bc4+ Kh8 17.Re1 fxg3 18.hxg3 a5 19.a3 b6 20.cxb6 Nxb6 21.Nf7+ Kg8 22.N7xe5+ Nxc4
23.Nxc4 Qf6 24.Nce5 axb4 25.axb4 Rxa1 26.Qxa1 g4 27.Nh4 Qxf2+ 28.Kh2 Re8
29.Nhg6 Bf5 30.Nf4 Qd2 31.Qa7 Bxe5 32.Rxe5 Rxe5 33.Qb8+ Kf7 34.Qxe5 Qd7 35.Nh5 Qe6
36.Qg7+ Ke8 37.Nf6+ Kd8 38.Qf8+ Kc7 39.Ne8+ Kd7 40.Nf6+ Kc7 41.Ne8+ Kd7 42.Ng7 Qg6
43.Nxf5 Qh5+ 44.Kg1 Qg5 45.Qd6+  1-0

[Event "RUS-ch (Women) sf+"]
[Site "Kolontaevo"]
[Date "1997.??.??"]
[Round "?"]
[White "Savitskaya, Ekaterina P"]
[Black "Malashenko, Alyona"]
[Result "1-0"]
[WhiteElo "2220"]
[BlackElo "2250"]

1.d4 Nf6 2.c4 g6 3.Nc3 d6 4.e4 Bg7 5.Nf3 O-O 6.Be2 e5 7.d5 a5 8.Bg5 h6 9.Bh4 Na6
10.Nd2 h5 11.O-O Bh6 12.f3 g5 13.Bf2 h4 14.a3 Kh7 15.Rb1 Nh5 16.b4 Nf4 17.c5 Qd7
18.Re1 axb4 19.axb4 Rg8 20.Nc4 Qe7 21.cxd6 cxd6 22.Ne3 g4 23.fxg4 Nxe2+ 24.Qxe2 Bxe3
25.Qxe3 Bxg4 26.Rf1 Rg6 27.Be1 h3 28.g3 Nc7 29.Bd2 Ra3 30.Bc1 Ra8 31.Rb2 Ra1
32.Rbf2 f6 33.Qd2 Bd7 34.Nd1 Nb5 35.Ne3 Nd4 36.Nf5 Bxf5 37.exf5 Rg7 38.Qh6+ Kg8
39.Qxh3 Rh7 40.Qg4+ Rg7 41.Qe4 Qc7 42.Bh6 Rxf1+ 43.Rxf1 Rf7 44.Qg4+ Kh8 45.Qg6 b5
46.Ra1 Qb7 47.Ra8+ Qxa8 48.Qxf7 Nf3+ 49.Kf2 Qa2+ 50.Kxf3 Qb3+ 51.Kg4  1-0

[Event "RUS-chJM op"]
[Site "Kolontaevo"]
[Date "1997.??.??"]
[Round "?"]
[White "Zaitsev, Mikhail"]
[Black "Klimov, Sergey"]
[Result "1/2-1/2"]
[WhiteElo "2255"]
[BlackElo "2370"]

1.d4 Nf6 2.c4 g6 3.Nc3 Bg7 4.e4 O-O 5.Nf3 d6 6.Be2 e5 7.d5 Nbd7 8.Be3 Ng4
9.Bd2 a5 10.h3 Ngf6 11.Bg5 h6 12.Be3 Nc5 13.Nd2 a4 14.b4 axb3 15.axb3 Rxa1
16.Qxa1 Na6 17.Qa3 c5 18.dxc6 bxc6 19.b4 Nc7 20.O-O Ne6 21.Rd1 Nd4 22.Bd3 Nh5
23.Ne2 Ne6 24.Nb3 Nhf4 25.f3 Qg5 26.Nxf4 Nxf4 27.Bxf4 exf4 28.Bf1 Bxh3 29.Rxd6 Be5
30.Rd1 h5 31.Na5 Rc8 32.c5 h4 33.Qa2 Bc3 34.Nxc6 Rxc6 35.Qd5 Qf6 36.b5 Rc8
37.gxh3 Bb4 38.c6 Ba5 39.Qc5 Rd8 40.Rd5 Rxd5 41.Qxd5 Bb6+ 42.Kh1 Qc3 43.Qd1  1/2-1/2

[Event "RUS-chJM op"]
[Site "Kolontaevo"]
[Date "1997.??.??"]
[Round "?"]
[White "Shakhov, Aleksandr E"]
[Black "Yurenko, Konstantin"]
[Result "1-0"]
[WhiteElo "2200"]
[BlackElo "2275"]

1.d4 Nf6 2.c4 g6 3.Nc3 Bg7 4.e4 O-O 5.Nf3 d6 6.Be2 e5 7.O-O exd4 8.Nxd4 Re8
9.f3 Nc6 10.Be3 Nh5 11.Nc2 f5 12.Qd2 Be6 13.Rad1 Ne5 14.exf5 gxf5 15.b3 Nf6
16.Nd4 Qd7 17.Qc2 Kh8 18.Ncb5 Nc6 19.Rfe1 a6 20.Nxc6 axb5 21.Nd4 bxc4 22.bxc4 Qf7
23.Bd3 Ra3 24.Nxe6 Qxe6 25.Bf2 Qf7 26.Bxf5 Rea8 27.Be6 Qf8  1-0

[Event "RUS-chJM op"]
[Site "Kolontaevo"]
[Date "1997.??.??"]
[Round "?"]
[White "Rychagov, Andrei"]
[Black "Nureev, Garun"]
[Result "1-0"]
[WhiteElo "2455"]
[BlackElo "2370"]

1.d4 Nf6 2.c4 g6 3.Nc3 Bg7 4.e4 d6 5.Nf3 O-O 6.Be2 e5 7.O-O Nbd7 8.Re1 c6
9.Bf1 exd4 10.Nxd4 Ng4 11.h3 Qb6 12.Qxg4 Bxd4 13.Qe2 f5 14.exf5 Rxf5 15.Be3 Bxe3
16.Qxe3 Qxb2 17.Rab1 Qa3 18.Qe6+ Kg7 19.Rb3 Qc5 20.Ne4 Qe5 21.Nxd6 Qxe6 22.Rxe6 Nc5
23.Re7+ Kf6 24.Rbe3 Be6 25.Nxf5 gxf5 26.Rxh7 Rd8 27.Rh6+ Kf7 28.Be2 Rd2 29.a3 Ke7
30.f4 Rd4 31.Re5 b6 32.g4 Kd7 33.gxf5 Bxc4 34.Bxc4 Rxc4 35.f6 Rxf4 36.Re7+ Kd6
37.Rxa7 Ne6 38.f7 Rf5 39.Rg6 c5 40.Rb7 Ke5 41.Re7  1-0

[Event "Cassovia op"]
[Site "Kosice"]
[Date "1997.??.??"]
[Round "?"]
[White "Frindt, Kornel"]
[Black "Stets, Dmitry"]
[Result "1/2-1/2"]
[WhiteElo "2175"]
[BlackElo "2340"]

1.d4 Nf6 2.c4 g6 3.Nc3 Bg7 4.e4 d6 5.Nf3 O-O 6.Be2 e5 7.dxe5 dxe5 8.Qxd8 Rxd8
9.Bg5 c6 10.O-O Re8 11.Rfd1 Nbd7 12.Ne1 Nc5 13.f3 Ne6 14.Be3 Nd4 15.Bd3 Nd7
16.Na4 b6 17.Nc2 Nc5 18.Nxc5 bxc5 19.b4 Bf8 20.bxc5 Bxc5 21.Kf2 Rb8 22.Rab1 Be6
23.Nxd4 Bxd4 24.Bxd4 exd4 25.Rb3 Rxb3 26.axb3 Rb8 27.Bc2 c5 28.Kg3 a5 29.Ra1 Ra8
30.Bd3 f6 31.h4 Kf7 32.Kf4 Bd7 33.e5 h6 34.Be4 g5+ 35.Kg3 Ra7 36.exf6 a4
37.bxa4 Rxa4 38.Rxa4 Bxa4 39.f4 Kxf6 40.fxg5+ hxg5 41.h5 Bd1 42.h6 Be2 43.h7 Kg7
44.Bf5 Bxc4 45.Kf2 Bb3 46.Ke2 c4 47.Kd2 d3 48.Kc3 Ba2 49.Be4 Bb3 50.Bxd3  1/2-1/2

[Event "Krasnodar op"]
[Site "Krasnodar"]
[Date "1997.??.??"]
[Round "?"]
[White "Popov, Valerij"]
[Black "Gelman, Alexander"]
[Result "1-0"]
[WhiteElo "2430"]
[BlackElo "2415"]

1.d4 d6 2.Nf3 g6 3.c4 Bg7 4.Nc3 Nd7 5.e4 e5 6.Be2 Ngf6 7.O-O O-O 8.Be3 Qe7
9.d5 Ng4 10.Bg5 f6 11.Bh4 Nh6 12.Nd2 g5 13.Bg3 f5 14.exf5 Nf6 15.Bd3 Nxf5
16.Nde4 Nxe4 17.Bxe4 Bd7 18.Qd3 h6 19.f3 Kh8 20.Bf2 a6 21.Rab1 Qf6 22.b4 Rfb8
23.a3 Bf8 24.Rb3 b6 25.Rc1 Ra7 26.Ne2 Rab7 27.Rbc3 Bg7 28.Ng3 Nh4 29.Nf1 a5
30.Ne3 axb4 31.axb4 Ra7 32.Ra3 Rba8 33.Rca1 Rxa3 34.Rxa3 Rf8 35.Bg3 Nf5 36.Nxf5 Bxf5
37.Bxf5 Qxf5 38.Qxf5 Rxf5 39.Kf2 Kg8 40.Ke3 Rf8 41.Ra7 Rc8 42.Ke4  1-0

[Event "RUS-ch sf"]
[Site "Krasnodar"]
[Date "1997.??.??"]
[Round "?"]
[White "Poluljahov, Aleksandr"]
[Black "Petrushin, Alexander I"]
[Result "0-1"]
[WhiteElo "2510"]
[BlackElo "2415"]

1.d4 Nf6 2.c4 g6 3.Nc3 Bg7 4.e4 d6 5.Be2 O-O 6.Nf3 e5 7.Be3 Nbd7 8.d5 Ng4
9.Bd2 f5 10.exf5 gxf5 11.Ng5 Ndf6 12.h3 Nh6 13.Qc2 Qe7 14.g4 Nf7 15.O-O-O e4
16.Rdg1 Ne5 17.f4 exf3 18.Nxf3 Nxf3 19.Bxf3 Qe5 20.Rg2 Re8 21.g5 Ne4 22.Re1 Bd7
23.Nxe4 fxe4 24.Bxe4 Kh8 25.Bxh7 Qxe1+ 26.Bxe1 Rxe1+ 27.Kd2 Rf1 28.Qg6 Rh1
29.Qc2 Rf8 30.Be4 Be5 31.g6 Kg7 32.Re2 Rxh3 33.Bd3 Bf4+ 34.Ke1 Rh1+ 35.Kf2 Be5+
36.Kg2 Rfh8 37.Kf3 R8h3+ 38.Kg2 R3h2+ 39.Kf3 Rh3+ 40.Kg2 R1h2+ 41.Kf1 Rh1+
42.Kf2 R3h2+ 43.Ke3 Rh3+ 44.Kd2 Bf4+ 45.Kc3 Bf5 46.Re7+ Kg8 47.Qe2 Rxd3+
48.Kb4 Re1 49.Re8+ Kg7 50.Re7+ Kxg6 51.Re6+ Kg5 52.Qg2+ Rg3 53.Qf2 Rxe6 54.dxe6 c5+  0-1

[Event "RUS-Cup6"]
[Site "Krasnodar"]
[Date "1997.??.??"]
[Round "3"]
[White "Ananchenko, Igori"]
[Black "Drozdov, Igor"]
[Result "1/2-1/2"]
[WhiteElo "2290"]
[BlackElo "2455"]

1.d4 Nf6 2.c4 g6 3.Nc3 Bg7 4.e4 d6 5.Be2 O-O 6.Nf3 e5 7.dxe5 dxe5 8.Qxd8 Rxd8
9.Bg5 Re8 10.Nd5 Nxd5 11.cxd5 c6 12.Bc4 cxd5 13.Bxd5 Nd7 14.Nd2 Nc5 15.O-O-O Ne6
16.Be3 Nf4 17.Bxf4 exf4 18.f3 Be6 19.Bxe6 Rxe6 20.Kb1 Rb6 21.Nb3 a5 22.Rd5 a4
23.Nd4 Rb4 24.Rd1 Rc8 25.a3 Rb6 26.Rc1 Rxc1+ 27.Kxc1 Kf8 28.Kc2 Ke7 29.g3 fxg3
30.hxg3 h5 31.f4 Bxd4 32.Rxd4 Rc6+ 33.Kb1 b5 34.Rd5 Rb6 35.e5 Ke6 36.Rd4 Rc6
37.Rd8 Kf5 38.Rd7 Kg4 39.Rxf7 Kxg3 40.Rf6  1/2-1/2

[Event "RUS-Cup6"]
[Site "Krasnodar"]
[Date "1997.??.??"]
[Round "5"]
[White "Volkov, Sergey"]
[Black "Kobylkin, Evgeni"]
[Result "1-0"]
[WhiteElo "2480"]
[BlackElo "2385"]

1.d4 Nf6 2.c4 g6 3.Nc3 Bg7 4.e4 d6 5.Be2 O-O 6.Nf3 e5 7.Be3 Ng4 8.Bg5 f6
9.Bh4 g5 10.Bg3 Nh6 11.Nd5 Nd7 12.Nd2 Kh8 13.h4 g4 14.Bxg4 Nxg4 15.Qxg4 f5
16.exf5 Nf6 17.Qe2 Bxf5 18.Ne4 Qe8 19.h5 Bh6 20.Ndxf6 Rxf6 21.Bh4 Rf7 22.g4 Bd7
23.g5 Rf4 24.gxh6 Bg4 25.Bf6+ Kg8 26.Rg1 Qxh5 27.f3  1-0

[Event "Krasnodar"]
[Site "Krasnodar"]
[Date "1997.??.??"]
[Round "6"]
[White "Neverov, Valeriy"]
[Black "Poluljahov, Aleksandr"]
[Result "0-1"]
[WhiteElo "2530"]
[BlackElo "2510"]

1.d4 Nf6 2.c4 g6 3.Nc3 Bg7 4.e4 d6 5.Nf3 O-O 6.Be2 e5 7.O-O exd4 8.Nxd4 Re8
9.f3 c6 10.Kh1 Nh5 11.g4 Nf6 12.Be3 h5 13.g5 Nh7 14.Qd2 Na6 15.Rad1 Qe7 16.Rg1 Bh3
17.Nc2 Be5 18.Bf1 Bxf1 19.Rdxf1 Nf8 20.b3 Nc5 21.Ne2 a5 22.Rd1 Rad8 23.Rg2 Bg7
24.Bd4 Be5 25.Nf4 Nfe6 26.Nxe6 Nxe6 27.Bb6 Ra8 28.Be3 Nc5 29.Ne1 Qe6 30.Nd3 Nxd3
31.Qxd3 a4 32.b4 a3 33.Bd2 b5 34.cxb5 cxb5 35.Bc3 Bxc3 36.Qxc3 Rec8 37.Qd3 Rc4
38.Qxd6 Qxd6 39.Rxd6 Rxb4 40.Rd3 Rb1+ 41.Rg1 Rb2 42.Ra1 b4 43.f4 Rc8  0-1

[Event "RUS-Cup6"]
[Site "Krasnodar"]
[Date "1997.??.??"]
[Round "8"]
[White "Volzhin, Alexander"]
[Black "Zhelnin, Vladimir V"]
[Result "1/2-1/2"]
[WhiteElo "2505"]
[BlackElo "2475"]

1.d4 Nf6 2.c4 d6 3.Nf3 g6 4.Nc3 Bg7 5.e4 O-O 6.Be2 e5 7.d5 c6 8.O-O a5 9.Bg5 h6
10.Be3 cxd5 11.cxd5 Ng4 12.Bc1 f5 13.exf5 gxf5 14.g3 Na6 15.Nh4 Nf6 16.f4 Qb6+
17.Kh1 e4 18.Ng2 Nc5 19.Ne3 Bd7 20.Nc4 Qc7 21.a4 h5 22.Be3 Ng4 23.Bg1 Rae8
24.h3 Nf6 25.Bd4 Re7 26.Ne3 Bh8 27.Nb5 Qb8 28.Bc3 b6 29.Nd4 Qc8 30.Bb5 Ne8
31.Qxh5 Rh7 32.Qe2 Bxd4 33.Bxd4 Nb3 34.Rad1 Nxd4 35.Rxd4 Rxh3+ 36.Kg2 Rh7  1/2-1/2

[Event "RUS-Cup7"]
[Site "Kstovo"]
[Date "1997.??.??"]
[Round "4"]
[White "Riazanov, Vladimir"]
[Black "Kiseleva, Natalia"]
[Result "0-1"]
[WhiteElo "2300"]
[BlackElo "2350"]

1.d4 Nf6 2.c4 g6 3.Nc3 Bg7 4.e4 d6 5.Be2 O-O 6.Nf3 e5 7.Bg5 h6 8.Bh4 Nbd7
9.d5 g5 10.Bg3 Nh5 11.h4 g4 12.Nh2 Nxg3 13.fxg3 h5 14.O-O Nc5 15.b4 Na6 16.Rb1 f5
17.exf5 Bxf5 18.Bd3 Qd7 19.Qc2 Bxd3 20.Qxd3 Rxf1+ 21.Nxf1 e4 22.Nxe4 Qf5
23.b5 Nb8 24.Nc5 Qxd3 25.Nxd3 Nd7 26.Re1 Bd4+ 27.Kh2 Kf7 28.Re4 Bb6 29.Nf4 Nf6
30.Re2 a6 31.Ne3 axb5 32.Nf5 Re8 33.Nh6+ Kg7 34.Nf5+ Kg8 35.Rxe8+ Nxe8 36.cxb5 Nf6
37.Ne7+ Kf7 38.Nc8 Bc5 39.b6 Ke8 40.bxc7 Kd7 41.Ne7 Kxc7 42.Nf5 Kb6 43.Ng7 Ka5
44.Nd3 b6 45.Nxc5 bxc5 46.Kg1 Kb4 47.Kf1 Ka3 48.Nf5 Kxa2 49.Nxd6 Kb3 50.Ke2 c4
51.Ke3 c3 52.Nb5 Nxd5+ 53.Ke4 Kc4 54.Na3+ Kb4 55.Nc2+ Kb3 56.Nd4+ Kc4 57.Nc2 Nb4
58.Ne3+ Kc5 59.Ke5 c2 60.Nxc2 Nxc2 61.Kf5 Kd5 62.Kg5 Ke5 63.Kxh5 Kf5 64.Kh6 Kf6
65.Kh7 Ne3 66.h5 Kg5 67.Kg7 Nf5+ 68.Kf7 Kxh5 69.Kf6 Nxg3  0-1

[Event "RUS-Cup7"]
[Site "Kstovo"]
[Date "1997.??.??"]
[Round "9"]
[White "Kiseleva, Natalia"]
[Black "Bitman, Alexander R"]
[Result "0-1"]
[WhiteElo "2350"]
[BlackElo "2250"]

1.d4 g6 2.c4 Bg7 3.Nc3 d6 4.e4 Nf6 5.Nf3 O-O 6.Be2 e5 7.d5 a5 8.h3 Na6 9.Bg5 Bd7
10.g4 c6 11.Nd2 Nc5 12.Nb3 h6 13.Nxc5 hxg5 14.Nxd7 Nxd7 15.Qd2 Nc5 16.O-O-O Rb8
17.Qe3 Re8 18.Kb1 Bf6 19.Rdg1 Kg7 20.Rd1 Rh8 21.Rd2 Ra8 22.Rhd1 Be7 23.Bd3 a4
24.Bc2 Qa5 25.Rh1 Qb4 26.Bd3 a3 27.Be2 Bd8 28.b3 Bb6 29.Qf3 Na4 30.Rc2 Nc5
31.Nd1 cxd5 32.exd5 Bd8 33.Qc3 Qb6 34.f3 Bf6 35.Qe3 e4 36.fxe4 Rae8 37.Nf2 Qc7
38.Bf3 Qe7 39.Nd3 Nxd3 40.Qxd3 Qe5 41.Kc1 Qf4+ 42.Kd1 Bb2 43.Bg2 Qe5 44.Rf1 Bd4
45.Rd2 Bc5 46.Qb1 Bb4 47.Rd3 Re7 48.Kc2 Kh7 49.Qa1 Qh2 50.Rf2 Bc5 51.Rfd2 Bb4
52.Rf2 Bc5 53.Rfd2 Qf4 54.Re2 Rhe8 55.Qc3 Qh2 56.Qd2 Kg8 57.b4 Bb6 58.Kb3 Ra8
59.Qe1 Qe5 60.Qc3 Qf4 61.Rf3  0-1

[Event "La Pobla de Lillet op"]
[Site "La Pobla de Lillet"]
[Date "1997.??.??"]
[Round "3"]
[White "Baron Rodriguez, Jorge"]
[Black "Mowsziszian, Karen"]
[Result "0-1"]
[WhiteElo "2255"]
[BlackElo "2490"]

1.d4 g6 2.c4 Bg7 3.Nc3 Nf6 4.e4 d6 5.Be2 O-O 6.Nf3 Nbd7 7.O-O e5 8.Be3 c6
9.d5 cxd5 10.cxd5 Ng4 11.Bg5 f6 12.Bh4 h5 13.Nd2 Nh6 14.f3 a6 15.Kh1 Nf7
16.b4 Bh6 17.Nc4 b6 18.a4 Rb8 19.Ra2 Qe7 20.Bd3 Kh8 21.Qe2 Rg8 22.Bf2 Bf4
23.Rc2 Qd8 24.Nb1 Bb7 25.Nbd2 f5 26.Ne3 fxe4 27.fxe4 a5 28.bxa5 bxa5 29.Nec4 Bc8
30.Bg1 Rf8 31.Nf3 Nf6 32.Rb2 Rxb2 33.Qxb2 Bg4 34.Qb6 Qd7 35.Qxa5 Bxf3 36.gxf3 Ng5
37.Qe1 h4 38.Nb6 Qh3 39.Bb5 Nh5 40.Bd7 Rf5  0-1

[Event "La Pobla de Lillet op"]
[Site "La Pobla de Lillet"]
[Date "1997.??.??"]
[Round "5"]
[White "Pogorelov, Ruslan"]
[Black "Mowsziszian, Karen"]
[Result "1-0"]
[WhiteElo "2465"]
[BlackElo "2490"]

1.Nf3 Nf6 2.c4 g6 3.Nc3 Bg7 4.e4 d6 5.d4 O-O 6.Be2 e5 7.O-O Na6 8.Be3 Ng4
9.Bg5 Qe8 10.dxe5 dxe5 11.h3 Nf6 12.Be3 Nh5 13.c5 c6 14.Bxa6 bxa6 15.Re1 f5
16.exf5 gxf5 17.Nxe5 Qxe5 18.Qxh5 Rb8 19.Bg5 Qxc5 20.Be7 Qc4 21.Bxf8  1-0

[Event "IBM op"]
[Site "La Reunion"]
[Date "1997.??.??"]
[Round "3"]
[White "Minnebo, Alain"]
[Black "Kosten, Anthony C"]
[Result "0-1"]
[WhiteElo "2300"]
[BlackElo "2535"]

1.Nf3 Nf6 2.c4 g6 3.Nc3 Bg7 4.e4 d6 5.d4 O-O 6.Be2 e5 7.O-O Nbd7 8.Be3 c6
9.Qc2 Ng4 10.Bg5 f6 11.Bh4 Nh6 12.Rad1 g5 13.Bg3 g4 14.Nh4 exd4 15.Na4 Ne5
16.Rxd4 f5 17.Nxf5 Bxf5 18.exf5 Nxf5 19.Rf4 Nxg3 20.fxg3 Qe7 21.Qe4 Qd7 22.Bxg4 Nxg4
23.Rxg4 Rxf1+ 24.Kxf1 Re8 25.Qf3 Qe6 26.Qd1 Rf8+ 27.Kg1 Qe3+ 28.Kh1 Qd2 29.Qg1 Re8
30.Rf4 Re1 31.Rf1 Bd4 32.Rxe1 Bxg1 33.Rxg1 Qc2 34.Nc3 Qxb2 35.Ne4  0-1

[Event "US-op"]
[Site "Las Vegas"]
[Date "1997.??.??"]
[Round "3"]
[White "Lakdawala, Cyrus"]
[Black "Yermolinsky, Alex"]
[Result "0-1"]
[WhiteElo "2560"]
[BlackElo "2695"]

1.Nf3 Nf6 2.c4 g6 3.Nc3 Bg7 4.e4 d6 5.d4 O-O 6.Be2 e5 7.O-O exd4 8.Nxd4 Re8
9.f3 c6 10.Nb3 a5 11.a4 Be6 12.Be3 Na6 13.Qd2 Nb4 14.Rad1 Bf8 15.Rf2 Qc7
16.Bf1 Rad8 17.Rc1 Nd7 18.Nd5 Bxd5 19.cxd5 Nc5 20.Qd1 Nxa4 21.dxc6 bxc6 22.Ra1 Nc5
23.Nxa5 d5 24.Qd2 Ne6 25.Qc1 d4 26.Bd2 d3 27.Nb3 Nc2 28.Ra5 Qb6 29.Na1 Bc5
30.Rxc5 Qxc5 31.Nb3 Qb5 32.Na5 Ned4 33.Kh1 c5 34.Bc3 Ne2 35.Qd2 Nxc3 36.Qxc3 Ne3  0-1

[Event "Lazne Bohdanec-B"]
[Site "Lazne Bohdanec"]
[Date "1997.??.??"]
[Round "?"]
[White "Karnik, Pavel"]
[Black "Dobrowolski, Piotr"]
[Result "1/2-1/2"]
[WhiteElo "2275"]
[BlackElo "2390"]

1.Nf3 Nf6 2.c4 g6 3.Nc3 Bg7 4.e4 d6 5.d4 O-O 6.Be2 e5 7.dxe5 dxe5 8.Qxd8 Rxd8
9.Bg5 c6 10.Nxe5 Re8 11.O-O-O Na6 12.Nf3 Nc5 13.Nd2 Bg4  1/2-1/2

[Event "Lazne Bohdanec"]
[Site "Lazne Bohdanec"]
[Date "1997.??.??"]
[Round "4"]
[White "Stocek, Jiri"]
[Black "Har Zvi, Ronen"]
[Result "1/2-1/2"]
[WhiteElo "2450"]
[BlackElo "2505"]

1.d4 Nf6 2.c4 g6 3.Nc3 Bg7 4.e4 d6 5.Be2 O-O 6.Nf3 e5 7.O-O Na6 8.Re1 c6
9.Bf1 exd4 10.Nxd4 Ng4 11.h3 Qf6 12.hxg4 Qxd4 13.g5 f5 14.Bf4 fxe4 15.Qxd4 Bxd4
16.Rxe4 Bxc3 17.bxc3 Nc5 18.Rd4 Ne6 19.Bxd6 Nxd4 20.Bxf8 Nc2 21.Rc1 Ne3 22.fxe3 Kxf8
23.Rb1 a5 24.a4 c5 25.Bd3 Bd7 26.Rxb7 Bxa4 27.Rxh7 Ra6 28.Rb7 Be8 29.Rb3 Rd6
30.Be4 Re6 31.Bc2 Rxe3 32.Ra3 a4 33.Bxa4 Bxa4 34.Rxa4 Rxc3 35.Kf2 Kf7 36.g4 Ke6
37.Ra6+ Ke5 38.Rxg6 Kf4 39.Rf6+ Kxg5 40.Rf5+ Kxg4 41.Rxc5 Kf4 42.Ke2 Ke4
43.Kd2 Kd4 44.Rd5+ Kxc4 45.Rc5+ Kxc5 46.Kxc3  1/2-1/2

[Event "Leeuwarden op"]
[Site "Leeuwarden"]
[Date "1997.??.??"]
[Round "2"]
[White "Ligterink, Gert"]
[Black "Van der Weide, Karel"]
[Result "1/2-1/2"]
[WhiteElo "2450"]
[BlackElo "2375"]

1.d4 Nf6 2.c4 g6 3.Nc3 Bg7 4.e4 d6 5.Be2 O-O 6.Nf3 Nbd7 7.O-O e5 8.Be3 c6
9.d5 Ng4 10.Bd2 cxd5 11.cxd5 Bh6 12.h3 Bxd2 13.Qxd2 Ngf6 14.Qh6 Qe7 15.Ng5 Rd8
16.f4 Qf8 17.Qh4 h6 18.Nf3 exf4 19.Qxf4 Nh5 20.Qh2 Qe7 21.Rae1 Ng7 22.Qf4 g5
23.Qh2 a6 24.Rf2 Rf8 25.Bd3 f6 26.Ref1 Nh5 27.Ne2 Ne5 28.Nxe5 dxe5 29.g3 Bd7
30.Nc3 Qc5 31.Be2 Ng7 32.Kh1 Qd6 33.Bg4 Rad8 34.Bxd7 Rxd7 35.h4 Ne8 36.Qh3 Rg7
37.hxg5 hxg5 38.Rh2 Qd7 39.Qh8+ Kf7 40.Qh5+ Ke7 41.d6+ Kd8 42.Nd5 Rff7 43.Qf3 Rh7
44.Rxh7 Rxh7+  1/2-1/2

[Event "Leeuwarden op"]
[Site "Leeuwarden"]
[Date "1997.??.??"]
[Round "4"]
[White "Lobron, Eric"]
[Black "Van der Weide, Karel"]
[Result "1-0"]
[WhiteElo "2540"]
[BlackElo "2375"]

1.d4 Nf6 2.c4 g6 3.Nc3 Bg7 4.e4 d6 5.Nf3 O-O 6.Be2 Nbd7 7.O-O e5 8.Qc2 Nh5
9.Rd1 Nf4 10.Bf1 c5 11.d5 Nf6 12.h3 h5 13.Bxf4 exf4 14.Qd2 Bh6 15.e5 dxe5
16.Nxe5 Qd6 17.Re1 a6 18.a3 Kg7 19.b4 f3 20.Qb2 fxg2 21.Bxg2 Bf5 22.Na4 b6
23.Nc6 Kh7 24.Nxb6 Bg7 25.Qe5 Ne4 26.Qxd6 Nxd6 27.Nxa8 Bxa1 28.Rxa1 Rxa8
29.bxc5 Nxc4 30.d6 Re8 31.Ne7 Be6 32.Rc1 Kg7 33.Bd5  1-0